Puritania: Fantasías y crónicas norteamericanas

Na minha lista:
Detalhes bibliográficos
Autor principal: Montenegro Nieto, Ernesto (autor)
Formato: Livro
Idioma:espanhol
Publicado em: Santiago Nascimento 1934
Edição:1a. ed
Assuntos:
Tags: Adicionar Tag
Sem tags, seja o primeiro a adicionar uma tag!

MARC

LEADER 00000nam a2200000 a 4500
001 UCJ4020
003 CL-VaPUC
008 070124e19341228CL |||||||||||||||||spa|d
082 0 4 |a Ch864  |b MON  |2 21 
100 |a Montenegro Nieto, Ernesto  |e autor  |9 577144 
245 1 0 |a Puritania: Fantasías y crónicas norteamericanas 
250 |a 1a. ed 
300 |a 288 p 
942 |c BK 
945 |d 20070124 00:00:00  |a rinostro 
260 |a Santiago  |b Nascimento  |c 1934 
600 0 7 |a ROOSEVELT, FRANKLIN DELANO  |2 CL-VaPUC  |9 341242 
600 0 7 |a DEMPSEY, JACK  |2 CL-VaPUC  |9 506823 
650 0 |a Cuento chileno  |9 352824 
650 0 |a Ensayo  |9 368802 
650 0 |a Cultura  |9 269059 
650 0 |a Psicología   |9 257863 
650 0 |a Antropología   |9 233030 
651 7 |a ESTADOS UNIDOS DE NORTEAMERICA  |2 CL-VaPUC  |9 316036 
651 0 |a New York   |9 328390 
583 |a last modification  |c 20070124 00:00:00  |k Rodrigo Vera 
999 |c 320138  |d 320136 
952 |0 0  |1 0  |4 0  |6 CH_864_000000000000000_MON_1934  |7 0  |8 X  |9 398610  |a FDOBUD  |b FDOBUD  |d 2019-11-22  |i 1012290  |o Ch864 MON 1934  |p 1012290  |r 2019-11-22  |w 2019-11-22  |y BK_X  |k BUD